[Event "27th Klatovy B 2019"]
[Site "Klatovy CZE"]
[Date "2019.07.01"]
[Round "3.19"]
[White "Schille, Hannes"]
[Black "Martinek, Lukas"]
[Result "1-0"]
[WhiteElo "1740"]
[BlackElo "1301"]
[PlyCount "83"]
[EventDate "2019.06.29"]
[EventType "swiss"]
[EventRounds "9"]
[EventCountry "CZE"]

1. d4 Nf6 2. Bf4 g6 3. Nf3 Bg7 4. c4 O-O 5. e3 d6 6. Nc3 c6 7. Bd3 Nbd7 8. O-O Re8 9. Bc2 Nh5 10. Bg3 Nxg3 11. hxg3 f5 12. Bb3 e5 13. dxe5 Nxe5 14. Rc1 Be6 15. Qe2 Qe7 16. Rfd1 Rad8 17. Nd4 Bf7 18. a3 Kh8 19. Ba2 a6 20. b4 Rd7 21. Na4 Qd8 22. c5 Bxa2 23. Qxa2 d5 24. Nb6 Rde7 25. a4 Nd7 26. Nxd7 Qxd7 27. Qb3 Rd8 28. Rb1 Re4 29. b5 axb5 30. axb5 Bxd4 31. Rxd4 cxb5 32. Qxb5 Qxb5 33. Rxb5 Rd7 34. Kf1 g5 35. Ke2 Kg7 36. Kd3 Kf6 37. Rb6+ Re6 38. Rdb4 Rxb6 39. Rxb6+ Kf7 40. Kd4 Kg7 41. Ke5 h6 42. Ke6 1-0

[Event "27th Klatovy B 2019"]
[Site "Klatovy CZE"]
[Date "2019.07.01"]
[Round "3.20"]
[White "Vavrinkova, Anna"]
[Black "Vnoucek, Pavel"]
[Result "1-0"]
[WhiteElo "1550"]
[BlackElo "1739"]
[PlyCount "47"]
[EventDate "2019.06.29"]
[EventType "swiss"]
[EventRounds "9"]
[EventCountry "CZE"]

1. e4 d5 2. exd5 Qxd5 3. Nc3 Qa5 4. d4 Nf6 5. g3 c6 6. Bg2 Bf5 7. Nf3 Nbd7 8. O-O e6 9. Re1 O-O-O 10. Qe2 Bd6 11. Ne5 Bg6 12. Nc4 Qc7 13. Nxd6+ Qxd6 14. Be3 Nd5 15. Nxd5 exd5 16. Bf4 Qf8 17. c4 dxc4 18. Qxc4 Nb6 19. Qe2 Re8 20. Qd2 Bf5 21. Rac1 Rxe1+ 22. Rxe1 Qd8 23. Qa5 a6 24. Qxf5+ 1-0

[Event "27th Klatovy B 2019"]
[Site "Klatovy CZE"]
[Date "2019.07.01"]
[Round "3.21"]
[White "Stanke, Petr"]
[Black "Rychlik, Zdenek"]
[Result "1-0"]
[WhiteElo "1463"]
[BlackElo "1721"]
[PlyCount "115"]
[EventDate "2019.06.29"]
[EventType "swiss"]
[EventRounds "9"]
[EventCountry "CZE"]

1. d4 Nf6 2. c4 e5 3. dxe5 Ng4 4. Nf3 Nc6 5. Bf4 Bb4+ 6. Nbd2 Qe7 7. a3 Bc5 8. Ne4 Ngxe5 9. Nxe5 Nxe5 10. Qd5 Bd6 11. c5 Ng6 12. Bg5 f6 13. cxd6 Qe6 14. Qxe6+ dxe6 15. Bd2 f5 16. Nc3 cxd6 17. e4 O-O 18. Bd3 fxe4 19. Bxe4 d5 20. Bxg6 hxg6 21. O-O d4 22. Nb5 e5 23. f4 Bg4 24. fxe5 Rxf1+ 25. Rxf1 Be2 26. Nc7 Rc8 27. Re1 Bc4 28. e6 Rxc7 29. e7 Bb5 30. e8=Q+ Bxe8 31. Rxe8+ Kf7 32. Rd8 Rc2 33. Rxd4 Rxb2 34. Bb4 Ke6 35. Rd2 Rb3 36. Kf2 a5 37. Bxa5 Rxa3 38. Bb4 Rb3 39. Rd6+ Kf5 40. Bd2 Rb5 41. g4+ Kxg4 42. Rxg6+ Kh3 43. Rxg7 Rf5+ 44. Kg1 Rd5 45. Rg3+ Kh4 46. Be3 Rb5 47. Kg2 Rb2+ 48. Bf2 Kh5 49. Kf3 Rb3+ 50. Ke4 Rb2 51. Kf3 Rb3+ 52. Be3 Rb5 53. Kf4 Rb4+ 54. Kf5 Rb5+ 55. Kf6 Rb2 56. Rg7 Rb3 57. Bf4 Rf3 58. Kf5 1-0

[Event "27th Klatovy B 2019"]
[Site "Klatovy CZE"]
[Date "2019.07.01"]
[Round "3.22"]
[White "Durchan, Milan 1961"]
[Black "Vavrinkova, Jitka"]
[Result "1-0"]
[WhiteElo "1713"]
[BlackElo "1566"]
[PlyCount "71"]
[EventDate "2019.06.29"]
[EventType "swiss"]
[EventRounds "9"]
[EventCountry "CZE"]

1. e4 e6 2. d4 d5 3. e5 c5 4. c3 Nc6 5. Nf3 Nge7 6. Na3 Ng6 7. Nc2 Qb6 8. Be2 Be7 9. O-O O-O 10. Re1 cxd4 11. cxd4 Bd7 12. b3 Rac8 13. Bf1 Qc7 14. Ne3 f6 15. Bb2 fxe5 16. dxe5 Bb4 17. Re2 Ncxe5 18. Nxe5 Nxe5 19. Nxd5 Qd6 20. Nxb4 Qxb4 21. Rxe5 Rf7 22. Bc4 Qb6 23. Qd4 Rcf8 24. Qxb6 axb6 25. f3 Re8 26. Rae1 Rf6 27. Rg5 Rf7 28. f4 h6 29. Rge5 Rxf4 30. Bxe6+ Bxe6 31. Rxe6 Rxe6 32. Rxe6 b5 33. Re7 Rf7 34. Rxf7 Kxf7 35. Kf2 g6 36. Ke3 1-0

[Event "27th Klatovy B 2019"]
[Site "Klatovy CZE"]
[Date "2019.07.01"]
[Round "3.23"]
[White "Simunek, Jakub Simon"]
[Black "Soucek, Petr"]
[Result "0-1"]
[WhiteElo "1457"]
[BlackElo "1679"]
[PlyCount "86"]
[EventDate "2019.06.29"]
[EventType "swiss"]
[EventRounds "9"]
[EventCountry "CZE"]

1. d4 Nf6 2. Nf3 g6 3. Nc3 d5 4. Bf4 Bg7 5. e3 O-O 6. Be2 c5 7. O-O Ne4 8. Nb5 Na6 9. c3 Bd7 10. Ne5 Bc6 11. f3 Nf6 12. Nxc6 bxc6 13. Na3 Qb6 14. Qa4 Nc7 15. dxc5 Qxb2 16. Kf2 Ne6 17. Qa5 Ng4+ 18. fxg4 Bxc3 19. Rab1 Qd2 20. Qa4 g5 21. Bg3 d4 22. Nc4 dxe3+ 23. Kg1 Qxe2 24. Qb3 Bd2 25. Ne5 Nxc5 26. Qc2 Ne6 27. Qf5 Ng7 28. Qe4 Bc3 29. Qxc6 Bxe5 30. Bxe5 Qxg4 31. Qd5 Qe6 32. Qd4 f6 33. Bg3 Nf5 34. Qb2 Nxg3 35. hxg3 Rfd8 36. Rfe1 Rd3 37. Qb7 Rad8 38. Qf3 Qxa2 39. Rb7 Qa5 40. Rxe3 Qc5 41. Kf2 Rxe3 42. Qxe3 Rd2+ 43. Kf3 Qf5+ 0-1

[Event "27th Klatovy B 2019"]
[Site "Klatovy CZE"]
[Date "2019.07.01"]
[Round "3.24"]
[White "Popov, Roman4"]
[Black "Zidu, Jan"]
[Result "0-1"]
[WhiteElo "1239"]
[BlackElo "1852"]
[PlyCount "56"]
[EventDate "2019.06.29"]
[EventType "swiss"]
[EventRounds "9"]
[EventCountry "CZE"]

1. e4 c6 2. d4 d5 3. e5 Bf5 4. Nf3 e6 5. Be2 Nd7 6. a3 h6 7. b4 a5 8. c3 axb4 9. cxb4 Bxb4+ 10. Bd2 Bxd2+ 11. Nbxd2 g5 12. Nb3 Ne7 13. O-O O-O 14. Nfd2 f6 15. exf6 Rxf6 16. f4 gxf4 17. Rxf4 Ng6 18. Rf2 e5 19. Bh5 Kh7 20. Bxg6+ Bxg6 21. Qe2 Rxf2 22. Qxf2 Qf8 23. Qg3 Qg7 24. Nf3 exd4 25. Nbxd4 c5 26. Ne6 Qxa1+ 27. Kf2 Qb2+ 28. Kf1 Rxa3 0-1

[Event "27th Klatovy B 2019"]
[Site "Klatovy CZE"]
[Date "2019.07.01"]
[Round "3.25"]
[White "Novak, Rudolf"]
[Black "Perik, Alois"]
[Result "0-1"]
[WhiteElo "1499"]
[BlackElo "1809"]
[PlyCount "98"]
[EventDate "2019.06.29"]
[EventType "swiss"]
[EventRounds "9"]
[EventCountry "CZE"]

1. e4 c6 2. d4 d5 3. exd5 cxd5 4. Nf3 Nf6 5. Ne5 Nc6 6. Bb5 Qb6 7. Bxc6+ bxc6 8. O-O Ba6 9. Re1 e6 10. b3 c5 11. Be3 Rc8 12. dxc5 Bxc5 13. Bxc5 Qxc5 14. c3 O-O 15. Qd4 Rfd8 16. Qxc5 Rxc5 17. f3 Nd7 18. Nxd7 Rxd7 19. b4 Rc8 20. a4 Bd3 21. Re3 Bxb1 22. Rxb1 Rdc7 23. Rb3 Rc4 24. a5 a6 25. Rd3 Kf8 26. Kf2 Ke7 27. g3 Kd6 28. f4 f6 29. Re3 R8c7 30. Ke2 h6 31. Kd2 g5 32. fxg5 hxg5 33. b5 axb5 34. Rxb5 R4c6 35. Rf3 f5 36. h3 Rh7 37. g4 f4 38. Rb4 e5 39. c4 dxc4 40. Rc3 Kd5 41. Rb8 e4 42. Rg8 e3+ 43. Ke2 Rxh3 44. Rxg5+ Kd4 45. Ra3 f3+ 46. Kd1 Rh1+ 47. Kc2 f2 48. Rg8 f1=Q 49. Rd8+ Kc5 0-1

[Event "27th Klatovy B 2019"]
[Site "Klatovy CZE"]
[Date "2019.07.01"]
[Round "3.26"]
[White "Vanduyfhuys, Igor"]
[Black "Matejicek, Vojtech"]
[Result "1-0"]
[WhiteElo "1803"]
[BlackElo "1472"]
[PlyCount "79"]
[EventDate "2019.06.29"]
[EventType "swiss"]
[EventRounds "9"]
[EventCountry "CZE"]

1. e4 c5 2. Nf3 Nc6 3. d4 cxd4 4. Nxd4 e5 5. Nb5 d6 6. a4 a6 7. N5a3 Nge7 8. Nc3 Ng6 9. Be3 Be6 10. Nc4 Be7 11. Be2 O-O 12. O-O Kh8 13. Nd5 Nd4 14. Bxd4 exd4 15. Qxd4 Bxd5 16. exd5 Bf6 17. Qd2 Re8 18. Rfe1 Ne5 19. Ne3 Qb6 20. Kh1 Bg5 21. Ra3 Rac8 22. Rb3 Qc7 23. Qb4 Qc5 24. f4 Qxb4 25. Rxb4 Bh6 26. Nf5 Rcd8 27. Nxh6 gxh6 28. fxe5 Rxe5 29. Kg1 Rde8 30. Kf2 Rxd5 31. Bf3 Rd2+ 32. Re2 Rexe2+ 33. Bxe2 Rxc2 34. Rxb7 Kg7 35. b4 Rb2 36. Ke3 a5 37. b5 Rb4 38. Bd1 Rb1 39. Ke2 Rb2+ 40. Bc2 1-0

[Event "27th Klatovy B 2019"]
[Site "Klatovy CZE"]
[Date "2019.07.01"]
[Round "3.27"]
[White "Novotny, Jaromir"]
[Black "Stross, Frantisek 1952"]
[Result "1-0"]
[WhiteElo "1796"]
[BlackElo "1458"]
[PlyCount "99"]
[EventDate "2019.06.29"]
[EventType "swiss"]
[EventRounds "9"]
[EventCountry "CZE"]

1. b3 Nf6 2. Bb2 Nc6 3. e3 e5 4. Bb5 d5 5. Bxe5 Bd7 6. Bb2 a6 7. Bxc6 Bxc6 8. Nf3 Bc5 9. d4 Bd6 10. O-O O-O 11. Nbd2 Bd7 12. c4 c6 13. Qc1 Qe7 14. a4 b5 15. Ba3 Bg4 16. Ne5 Bd7 17. Nxd7 Nxd7 18. Bxd6 Qxd6 19. axb5 cxb5 20. c5 Qc6 21. b4 f5 22. Nf3 g6 23. g3 h6 24. Qc3 Rfe8 25. Rfe1 Re4 26. Nd2 Re6 27. Nb3 Nf6 28. Nd2 Kh7 29. Nf3 Nd7 30. Ra5 Qc7 31. Rea1 Rc6 32. Rxb5 axb5 33. Rxa8 Nb6 34. Ra1 Nc4 35. Nd2 Nd6 36. Qa3 Nb7 37. Qa7 Qd7 38. Ra6 h5 39. Rxc6 Qxc6 40. Qb6 Qxb6 41. cxb6 Kg7 42. Nb1 Nd6 43. Nc3 Kf6 44. Nxd5+ Ke6 45. Nf4+ Kf6 46. Nd3 Ke6 47. Nc5+ Kd5 48. b7 Nxb7 49. Nxb7 Kc4 50. Kg2 1-0

[Event "27th Klatovy B 2019"]
[Site "Klatovy CZE"]
[Date "2019.07.01"]
[Round "3.28"]
[White "Dolejs, Jakub"]
[Black "Kalista, Karel"]
[Result "0-1"]
[WhiteElo "1434"]
[BlackElo "1736"]
[PlyCount "126"]
[EventDate "2019.06.29"]
[EventType "swiss"]
[EventRounds "9"]
[EventCountry "CZE"]

1. d4 Nf6 2. c4 c6 3. Nf3 d5 4. e3 Bf5 5. Nc3 e6 6. a3 Nbd7 7. Nh4 Bg4 8. Be2 Bxe2 9. Qxe2 Be7 10. cxd5 cxd5 11. Nf3 O-O 12. O-O Rc8 13. Bd2 a6 14. Rac1 Ne8 15. Na4 Nd6 16. Rxc8 Nxc8 17. Rc1 Nd6 18. Bb4 Nc4 19. Bxe7 Qxe7 20. Nd2 b5 21. Nxc4 bxc4 22. Rc3 Rb8 23. Qc2 g6 24. h3 Kg7 25. Kh2 Qf6 26. Qd2 Qf5 27. Qc2 Qxc2 28. Rxc2 Kf6 29. f4 Ke7 30. Kg3 Kd6 31. Kf3 f6 32. Nc3 e5 33. g4 exd4 34. exd4 Re8 35. Re2 Rxe2 36. Kxe2 Nb8 37. Kd2 Nc6 38. Ke3 Na5 39. f5 g5 40. Ne2 Nb3 41. Ng1 Nc1 42. Kd2 Nd3 43. Kc3 Nf4 44. Kc2 Kc6 45. Kc3 Kb5 46. Kc2 Ka4 47. Kc3 Ng2 48. Nf3 Nf4 49. Ng1 Nd3 50. Nf3 Nf2 51. Ng1 Nd1+ 52. Kc2 Nf2 53. Kc3 Ne4+ 54. Kc2 c3 55. Ne2 cxb2 56. Kxb2 a5 57. Ka2 Kb5 58. Kb2 Kc4 59. Kc2 a4 60. Ng1 Kxd4 61. Kd1 Kc3 62. Nf3 d4 63. Kc1 d3 0-1

[Event "27th Klatovy B 2019"]
[Site "Klatovy CZE"]
[Date "2019.07.01"]
[Round "3.29"]
[White "Berka, Lubos"]
[Black "Veverka, Vladimir"]
[Result "0-1"]
[WhiteElo "1733"]
[BlackElo "1439"]
[PlyCount "68"]
[EventDate "2019.06.29"]
[EventType "swiss"]
[EventRounds "9"]
[EventCountry "CZE"]

1. e4 e6 2. d4 d5 3. Nd2 Nf6 4. e5 Nfd7 5. Bd3 c5 6. c3 Nc6 7. Ne2 f6 8. f4 cxd4 9. cxd4 fxe5 10. fxe5 Nxd4 11. Nxd4 Qh4+ 12. g3 Qxd4 13. Qh5+ Kd8 14. Bxh7 Qxe5+ 15. Qxe5 Nxe5 16. Bc2 Bb4 17. Ke2 Bd7 18. Nb3 Bb5+ 19. Kf2 Nd3+ 20. Bxd3 Bxd3 21. h4 Rf8+ 22. Ke3 Be4 23. Rg1 Bc2 24. Ke2 Bxb3 25. axb3 Bc5 26. Rf1 Rxf1 27. Kxf1 Bd6 28. Be3 Bxg3 29. Bxa7 Kd7 30. Ra4 Be5 31. h5 Bxb2 32. Ke2 Kc6 33. Kd3 b6 34. Bxb6 Rxa4 0-1

[Event "27th Klatovy B 2019"]
[Site "Klatovy CZE"]
[Date "2019.07.01"]
[Round "3.30"]
[White "Cyron, Karel"]
[Black "Malimanek, Marek"]
[Result "0-1"]
[WhiteElo "1720"]
[BlackElo "1408"]
[PlyCount "70"]
[EventDate "2019.06.29"]
[EventType "swiss"]
[EventRounds "9"]
[EventCountry "CZE"]

1. e4 e5 2. Nf3 f5 3. exf5 Nf6 4. Nxe5 Qe7 5. Qe2 d6 6. Nc4 Bxf5 7. Ne3 Bg6 8. d4 Nc6 9. c3 O-O-O 10. Nd2 Qd7 11. g3 Be7 12. Bg2 h5 13. b4 Rde8 14. Qb5 a6 15. Bxc6 axb5 16. Bxd7+ Kxd7 17. O-O h4 18. Nf3 Ne4 19. Bb2 Ref8 20. Nxh4 Bxh4 21. gxh4 Rxh4 22. f3 Nd2 23. Kg2 Nxf1 24. Rxf1 Bh5 25. Kg3 Rhf4 26. Bc1 Rxf3+ 27. Rxf3 Bxf3 28. h4 Ke6 29. Bd2 Bd5 30. a3 Rf3+ 31. Kg4 Rf2 32. Nxd5 Kxd5 33. Bg5 Ke4 34. Kh5 Kf5 35. Bd8 Re2 0-1

[Event "27th Klatovy B 2019"]
[Site "Klatovy CZE"]
[Date "2019.07.01"]
[Round "3.31"]
[White "Sefrna, Frantisek"]
[Black "Hejda, Ondrej"]
[Result "1-0"]
[WhiteElo "1700"]
[BlackElo "1403"]
[PlyCount "45"]
[EventDate "2019.06.29"]
[EventType "swiss"]
[EventRounds "9"]
[EventCountry "CZE"]

1. e4 c5 2. Nc3 Nc6 3. g3 e6 4. Bg2 Nf6 5. d3 Be7 6. Be3 O-O 7. Nge2 Ng4 8. Bd2 d5 9. exd5 exd5 10. Nxd5 Bf6 11. h3 Be6 12. Nef4 Re8 13. O-O Bxd5 14. Nxd5 Nge5 15. Nxf6+ Qxf6 16. Bc3 Rad8 17. f4 Qg6 18. fxe5 Qxg3 19. Qf3 Qg6 20. Rae1 Qe6 21. Qg4 Qh6 22. Rf6 Qxf6 23. exf6 1-0

[Event "27th Klatovy B 2019"]
[Site "Klatovy CZE"]
[Date "2019.07.01"]
[Round "3.32"]
[White "Barta, David"]
[Black "Spackova, Martina 1992"]
[Result "0-1"]
[WhiteElo "1411"]
[BlackElo "1688"]
[PlyCount "58"]
[EventDate "2019.06.29"]
[EventType "swiss"]
[EventRounds "9"]
[EventCountry "CZE"]

1. d4 d5 2. Nf3 Nf6 3. g3 Bg4 4. Bg2 Qc8 5. O-O Bh3 6. Nbd2 h5 7. c4 h4 8. Ng5 Bxg2 9. Kxg2 hxg3 10. hxg3 Ng4 11. Rh1 Rxh1 12. Qxh1 Qf5 13. Ndf3 f6 14. Nh7 Nd7 15. cxd5 Qxd5 16. Nxf8 Nxf8 17. Qh8 Qf7 18. Bf4 O-O-O 19. Qh3 Qe6 20. Rc1 c6 21. e4 g5 22. d5 Qd7 23. d6 exd6 24. Nxg5 fxg5 25. Bxg5 Re8 26. f3 Ne5 27. g4 Nfg6 28. f4 Nxg4 29. Kg3 Rxe4 0-1

[Event "27th Klatovy B 2019"]
[Site "Klatovy CZE"]
[Date "2019.07.01"]
[Round "3.33"]
[White "Vavrousek, Petr"]
[Black "Cervenka, Jakub"]
[Result "1-0"]
[WhiteElo "1686"]
[BlackElo "1396"]
[PlyCount "67"]
[EventDate "2019.06.29"]
[EventType "swiss"]
[EventRounds "9"]
[EventCountry "CZE"]

1. e4 e5 2. Nf3 Nf6 3. d4 exd4 4. e5 Nd5 5. Qxd4 Nb6 6. Nc3 Nc6 7. Qf4 Bb4 8. Bd2 O-O 9. Bd3 Ne7 10. Qxb4 Ng6 11. O-O-O a5 12. Qe4 f5 13. Qe2 Re8 14. Bxf5 d6 15. Bxg6 hxg6 16. Bg5 Qd7 17. Qd3 Qe6 18. exd6 cxd6 19. Rhe1 Qf7 20. Rxe8+ Qxe8 21. Nd5 Nxd5 22. Qxd5+ Be6 23. Qxd6 Rc8 24. Qe7 Qc6 25. Rd8+ Rxd8 26. Qxd8+ Kh7 27. Nd4 Qxg2 28. Nxe6 Qf1+ 29. Qd1 Qxf2 30. b3 Qf5 31. Qd7 Qe5 32. Qxg7+ Qxg7 33. Nxg7 Kxg7 34. Kd2 1-0

[Event "27th Klatovy B 2019"]
[Site "Klatovy CZE"]
[Date "2019.07.01"]
[Round "3.34"]
[White "Gacho, Ondrej"]
[Black "Skutil, Frantisek"]
[Result "1-0"]
[WhiteElo "1384"]
[BlackElo "1681"]
[PlyCount "48"]
[EventDate "2019.06.29"]
[EventType "swiss"]
[EventRounds "9"]
[EventCountry "CZE"]

1. e4 c5 2. Nf3 g6 3. c3 Bg7 4. d4 cxd4 5. cxd4 d5 6. e5 Nc6 7. Bb5 Bd7 8. O-O e6 9. Nc3 Nge7 10. Bg5 O-O 11. Qd2 a6 12. Ba4 b5 13. Bc2 Qb6 14. Bf6 Nf5 15. Ne2 h6 16. Qf4 Bxf6 17. exf6 Kh7 18. Rac1 Qb8 19. Qg4 e5 20. Bxf5 Bxf5 21. Qh4 Rh8 22. Rxc6 e4 23. Ne5 g5 24. Qg3 Qb7 1-0

[Event "27th Klatovy B 2019"]
[Site "Klatovy CZE"]
[Date "2019.07.01"]
[Round "3.35"]
[White "Day, Tobias"]
[Black "Souralova, Venuse"]
[Result "1-0"]
[WhiteElo "1680"]
[BlackElo "1391"]
[PlyCount "51"]
[EventDate "2019.06.29"]
[EventType "swiss"]
[EventRounds "9"]
[EventCountry "CZE"]

1. e4 c5 2. Nf3 d6 3. d4 cxd4 4. Qxd4 Nc6 5. Bb5 Bd7 6. Bxc6 Bxc6 7. Nc3 Nf6 8. Bg5 e5 9. Qd3 Be7 10. Bxf6 Bxf6 11. O-O-O Qb6 12. Rhf1 Rd8 13. Kb1 a5 14. Nd2 O-O 15. Nc4 Qa7 16. Ne3 b5 17. g3 Qd4 18. Ncd5 Qxd3 19. Rxd3 b4 20. Rfd1 Bb5 21. R3d2 Bg5 22. f4 exf4 23. gxf4 Bh4 24. Nf5 g5 25. Rg2 Kh8 26. fxg5 1-0

[Event "27th Klatovy B 2019"]
[Site "Klatovy CZE"]
[Date "2019.07.01"]
[Round "3.36"]
[White "Stanke, Vilem"]
[Black "Benes, Jachym"]
[Result "0-1"]
[WhiteElo "1371"]
[BlackElo "1653"]
[PlyCount "49"]
[EventDate "2019.06.29"]
[EventType "swiss"]
[EventRounds "9"]
[EventCountry "CZE"]

1. e4 c5 2. Nf3 d6 3. d4 cxd4 4. Nxd4 Nf6 5. Nc3 g6 6. Be2 Bg7 7. Be3 O-O 8. O-O Nc6 9. Bf3 Ne5 10. h3 Nc4 11. Qe1 Qb6 12. b3 Nxe3 13. fxe3 Bd7 14. Qd2 Rac8 15. Rab1 Qc5 16. Nd5 Nxd5 17. exd5 Bxd4 18. exd4 Qxc2 19. Qa5 a6 20. Rbc1 Qd3 21. Rxc8 Qxd4+ 22. Kh1 Rxc8 23. Re1 Qh4 24. Re4 Qg3 25. Rxe7 0-1

[Event "27th Klatovy B 2019"]
[Site "Klatovy CZE"]
[Date "2019.07.01"]
[Round "3.37"]
[White "Veverkova, Dorota"]
[Black "Leseticky, Vladimir"]
[Result "1-0"]
[WhiteElo "1348"]
[BlackElo "1631"]
[PlyCount "65"]
[EventDate "2019.06.29"]
[EventType "swiss"]
[EventRounds "9"]
[EventCountry "CZE"]

1. e4 e5 2. Nf3 d6 3. d4 exd4 4. Nxd4 Be7 5. Bc4 Nf6 6. Nc3 O-O 7. O-O Bg4 8. Qd3 Nbd7 9. h3 Ne5 10. Qg3 c5 11. Nb3 Nh5 12. Qh2 Be6 13. Be2 Nf6 14. f4 Nc6 15. Be3 Nb4 16. Rad1 c4 17. Nd4 Qc8 18. f5 Bd7 19. a3 Nc6 20. Nxc6 Bxc6 21. e5 dxe5 22. Qxe5 Re8 23. Bxc4 Bxg2 24. Kxg2 Qxc4 25. Rd4 Qc6+ 26. Kg1 Bc5 27. Qg3 Bxd4 28. Bxd4 Rad8 29. Bxf6 Qxf6 30. Rf2 Re1+ 31. Kh2 Qc6 32. Rg2 Rde8 33. Qxg7# 1-0

[Event "27th Klatovy B 2019"]
[Site "Klatovy CZE"]
[Date "2019.07.01"]
[Round "3.38"]
[White "Privoznik, Lubos"]
[Black "Berkovec, Josef"]
[Result "1/2-1/2"]
[WhiteElo "1610"]
[BlackElo "1380"]
[PlyCount "74"]
[EventDate "2019.06.29"]
[EventType "swiss"]
[EventRounds "9"]
[EventCountry "CZE"]

1. e4 c5 2. Nc3 Nc6 3. Bb5 d6 4. d3 Bd7 5. Bxc6 Bxc6 6. f4 g6 7. Nf3 Bg7 8. O-O Nf6 9. Qe1 O-O 10. Qh4 Qc7 11. Ng5 h6 12. Nf3 Kh7 13. f5 Rh8 14. fxg6+ fxg6 15. Ng5+ Kg8 16. Ne6 Qd7 17. Nxg7 Kxg7 18. Rf3 Qg4 19. Qf2 Raf8 20. Be3 e5 21. Rf1 Qe6 22. h3 Qe7 23. Qh4 Qd8 24. Ne2 Bd7 25. c4 a6 26. Nc3 Be6 27. Qf2 Qe7 28. Ne2 Bd7 29. Qh4 Be6 30. Ng3 Qd8 31. Ne2 Qe7 32. Ng3 Qd8 33. Nh1 Qe7 34. Nf2 Qd8 35. Ng4 Bxg4 36. hxg4 Rf7 37. Qf2 g5 1/2-1/2

[Event "27th Klatovy B 2019"]
[Site "Klatovy CZE"]
[Date "2019.07.01"]
[Round "3.39"]
[White "Trcka, Bohdan"]
[Black "Martinkova, Magdalena"]
[Result "0-1"]
[WhiteElo "1569"]
[BlackElo "1359"]
[PlyCount "88"]
[EventDate "2019.06.29"]
[EventType "swiss"]
[EventRounds "9"]
[EventCountry "CZE"]

1. e4 e5 2. Be2 Nf6 3. d3 Bc5 4. g4 h6 5. h4 d5 6. Nd2 dxe4 7. Nxe4 Nxe4 8. dxe4 Qf6 9. Be3 Bxe3 10. fxe3 Qb6 11. b3 Qxe3 12. Qd3 Qxd3 13. cxd3 Nc6 14. Rc1 Be6 15. Nh3 O-O-O 16. Nf2 Kb8 17. g5 hxg5 18. hxg5 Rxh1+ 19. Nxh1 Nb4 20. Nf2 Nxa2 21. Rc5 f6 22. gxf6 gxf6 23. Ng4 Bxg4 24. Bxg4 Rxd3 25. Ke2 Rxb3 26. Be6 Nc3+ 27. Kd3 Na4+ 28. Bxb3 Nxc5+ 29. Kc4 Nxb3 30. Kxb3 b5 31. Kb4 c6 32. Kc5 a5 33. Kxc6 a4 34. Kd6 a3 35. Ke6 a2 36. Kxf6 a1=Q 37. Ke6 Qd4 38. Kf5 Kc7 39. Ke6 Qxe4 40. Ke7 Qg6 41. Kf8 Qh7 42. Ke8 Kd6 43. Kf8 Ke6 44. Ke8 Qe7# 0-1

[Event "27th Klatovy B 2019"]
[Site "Klatovy CZE"]
[Date "2019.07.01"]
[Round "3.40"]
[White "Havelkova, Beata"]
[Black "Vorsilka, Jiri"]
[Result "0-1"]
[WhiteElo "1316"]
[BlackElo "1568"]
[PlyCount "62"]
[EventDate "2019.06.29"]
[EventType "swiss"]
[EventRounds "9"]
[EventCountry "CZE"]

1. e4 c5 2. c3 g6 3. d4 cxd4 4. cxd4 d5 5. exd5 Nf6 6. Nc3 Nxd5 7. Nf3 Nxc3 8. bxc3 Bg7 9. Be2 O-O 10. O-O Nc6 11. Bb2 Qb6 12. Rb1 Bf5 13. Bd3 Bxd3 14. Qxd3 Rac8 15. Rfe1 Rfd8 16. Qe2 Qa5 17. a3 e6 18. Red1 Qa4 19. Qe3 Ne7 20. Ne5 Nd5 21. Qf3 f6 22. Ng4 h5 23. Ne3 Nxc3 24. Bxc3 Rxc3 25. Qxb7 Rxa3 26. Rb4 Qd7 27. Qxd7 Rxd7 28. Rb8+ Kh7 29. Re8 f5 30. Nc2 Rc3 31. Ne1 e5 0-1

[Event "27th Klatovy B 2019"]
[Site "Klatovy CZE"]
[Date "2019.07.01"]
[Round "3.41"]
[White "Vasko, Pavel"]
[Black "Vojir, Vaclav 2005"]
[Result "0-1"]
[WhiteElo "1560"]
[BlackElo "1337"]
[PlyCount "57"]
[EventDate "2019.06.29"]
[EventType "swiss"]
[EventRounds "9"]
[EventCountry "CZE"]

1. e4 e6 2. d4 d5 3. e5 c5 4. c3 Nc6 5. Nf3 Qb6 6. Bd3 Bd7 7. Bc2 Be7 8. b3 Rc8 9. Be3 cxd4 10. Bxd4 Nxd4 11. cxd4 Bb4+ 12. Nbd2 Bc3 13. Rb1 Bxd4 14. O-O Bc3 15. Bd3 Ne7 16. Rc1 O-O 17. Nb1 Bd4 18. Bxh7+ Kxh7 19. Qxd4 Qxd4 20. Nxd4 Ng6 21. Nf3 Bc6 22. Nbd2 Rfd8 23. Rc2 d4 24. Rfc1 Nf4 25. Nf1 d3 26. Rc3 Ne2+ 27. Kh1 Nxc3 28. Rxc3 Bxf3 29. gxf3 0-1

[Event "27th Klatovy B 2019"]
[Site "Klatovy CZE"]
[Date "2019.07.01"]
[Round "3.42"]
[White "Lhotsky, Zdenek 1966"]
[Black "Kotesovec, Jaroslav"]
[Result "0-1"]
[WhiteElo "1285"]
[BlackElo "1560"]
[PlyCount "32"]
[EventDate "2019.06.29"]
[EventType "swiss"]
[EventRounds "9"]
[EventCountry "CZE"]

1. e4 c5 2. Nf3 Nc6 3. d4 cxd4 4. Nxd4 e5 5. Nb3 Nf6 6. Nc3 Bb4 7. Bc4 Nxe4 8. Qf3 d5 9. Bb5 O-O 10. Bd2 Nxd2 11. Nxd2 Nd4 12. Qd3 Bf5 13. Qg3 Bxc3 14. O-O-O Bxd2+ 15. Rxd2 Nxb5 16. Qxe5 Be6 0-1

[Event "27th Klatovy B 2019"]
[Site "Klatovy CZE"]
[Date "2019.07.01"]
[Round "3.43"]
[White "Juhanak, Daniel"]
[Black "Vavrinkova, Marie"]
[Result "1-0"]
[WhiteElo "1555"]
[BlackElo "1185"]
[PlyCount "65"]
[EventDate "2019.06.29"]
[EventType "swiss"]
[EventRounds "9"]
[EventCountry "CZE"]

1. d4 d5 2. Nf3 Nf6 3. c4 c6 4. g3 Bf5 5. Qb3 b6 6. Bg2 e6 7. O-O Be7 8. Nc3 O-O 9. Rd1 Na6 10. a3 Rc8 11. Qa4 Nc7 12. Ne5 Nce8 13. Nxc6 Qd7 14. Nxe7+ Qxe7 15. cxd5 exd5 16. e3 Be6 17. Bd2 Nd6 18. Rac1 Nc4 19. Qb3 Rfd8 20. Nb1 Bf5 21. Bb4 Qe6 22. Nd2 Rc7 23. Nxc4 dxc4 24. Qa4 Nd5 25. Re1 Bg6 26. Bd2 Rdc8 27. e4 Nf6 28. d5 Qe7 29. e5 Nxd5 30. Bxd5 Rd8 31. Bb4 Qg5 32. Bd6 Rxd6 33. exd6 1-0

[Event "27th Klatovy B 2019"]
[Site "Klatovy CZE"]
[Date "2019.07.01"]
[Round "3.44"]
[White "Skopkova, Marcela"]
[Black "Pucholt, Martin"]
[Result "0-1"]
[WhiteElo "1263"]
[BlackElo "1555"]
[PlyCount "72"]
[EventDate "2019.06.29"]
[EventType "swiss"]
[EventRounds "9"]
[EventCountry "CZE"]

1. c4 c5 2. Nf3 g6 3. g3 Bg7 4. Nc3 a6 5. Bg2 e6 6. O-O Nc6 7. Qc2 Nge7 8. a3 O-O 9. d3 Rb8 10. Bg5 h6 11. Be3 d6 12. Rad1 e5 13. Bd2 Be6 14. Qc1 Kh7 15. h4 Qd7 16. Nh2 Bh3 17. e4 Bxg2 18. Kxg2 Nd4 19. Be3 f5 20. Bxd4 exd4 21. Nd5 fxe4 22. dxe4 Nxd5 23. cxd5 Rbc8 24. b3 b5 25. Qc2 c4 26. bxc4 bxc4 27. f4 d3 28. Qd2 Qb5 29. Rb1 Qc5 30. Qb4 Qxb4 31. axb4 c3 32. Nf3 c2 33. Rbc1 Bb2 34. Rcd1 c1=Q 35. Rxc1 Rxc1 36. Rxc1 Bxc1 0-1

[Event "27th Klatovy B 2019"]
[Site "Klatovy CZE"]
[Date "2019.07.01"]
[Round "3.45"]
[White "Soucek, Jan"]
[Black "Novy, Jaroslav"]
[Result "1-0"]
[WhiteElo "1543"]
[BlackElo "1632"]
[PlyCount "39"]
[EventDate "2019.06.29"]
[EventType "swiss"]
[EventRounds "9"]
[EventCountry "CZE"]

1. e4 e6 2. d3 d5 3. Nd2 Nf6 4. Ngf3 c5 5. g3 Nc6 6. Bg2 Bd6 7. O-O dxe4 8. dxe4 O-O 9. Re1 e5 10. b3 Bg4 11. h3 Bxf3 12. Qxf3 Nd4 13. Qd3 Bc7 14. Nc4 h6 15. Ba3 b6 16. Rad1 Qe7 17. Ne3 Rfd8 18. Nd5 Nxd5 19. exd5 Rab8 20. Qxd4 1-0